Φυτοπροστασία στη Λέσβο : καταγραφή και παρουσίαση των ευρέως διακινούμενων γεωργικών φαρμάκων : πτυχιακή εργασία

Αποθηκεύτηκε σε:
Λεπτομέρειες βιβλιογραφικής εγγραφής
Κύριος συγγραφέας: Αμπαρτζάκη, Ευγενία Γ.
Συγγραφή απο Οργανισμό/Αρχή: Πανεπιστήμιο Αιγαίου. Σχολή Περιβάλλοντος. Τμήμα Περιβάλλοντος
Άλλοι συγγραφείς: Βαγιάννη, Ελένη Σ.
Μορφή: Thesis Βιβλίο
Γλώσσα:Greek
Δημοσίευση: 1998.
Θέματα:
Διαθέσιμο Online:http://hdl.handle.net/11610/10075
Ετικέτες: Προσθήκη ετικέτας
Δεν υπάρχουν, Καταχωρήστε ετικέτα πρώτοι!

MARC

LEADER 00000cam a2200000 i 4500
001 1/7159
008 000620s1998 gre d
035 |l 10062185 
040 |a GR-MY-UA  |b gre  |e aacr 
041 0 |a gre 
082 0 |a 631.8  |2 (22) 
100 1 |a Αμπαρτζάκη, Ευγενία Γ. 
245 1 0 |a Φυτοπροστασία στη Λέσβο :   |b καταγραφή και παρουσίαση των ευρέως διακινούμενων γεωργικών φαρμάκων : πτυχιακή εργασία /   |c Ευγενία Γ. Αμπαρτζάκη, Ελένη Σ. Βαγιάννη ; επιβλέπων καθηγητής: Θεμ. Δ. Λέκκας.  
260 |c 1998.  
300 |a 142 σ. :   |b πιν. ;   |c 30 εκ.  
500 |a Επιτροπή: Γιάννης Ματσίνος, Μαρία Καραντανέλλη.  
502 |a Πτυχιακή εργασία - Πανεπιστήμιο Αιγαίου, Λέσβος, 1998.  
504 |a Περιέχει βιβλιογραφία.  
650 0 0 |a Pesticides  |z Greece  |z Lesbos (Municipality) 
650 0 0 |a Agricultural chemicals  |z Greece  |z Lesbos (Municipality) 
650 0 0 |a Dissertations, Academic  |z Greece. 
700 1 |a Βαγιάννη, Ελένη Σ. 
700 1 |a Λέκκας, Θεμιστοκλής Δ.  |e dgs 
710 2 |a Πανεπιστήμιο Αιγαίου.   |b Σχολή Περιβάλλοντος.   |b Τμήμα Περιβάλλοντος. 
852 |a INST  |b LESVOS  |c DIATR  |e 20000620  |h 455  |p 005100025849  |q 005100025849  |t DIE  |y 23 
852 |a INST  |b LESVOS  |c DIATR  |e 20000620  |h 456  |p 005100025848  |q 005100025848  |t DIE  |y 23 
856 |u http://hdl.handle.net/11610/10075 
901 |a BIBL1-2000-2 
909 |a Λ  |b 080468 
909 |a Λ  |b 080469 
924 |a ΑΜΠΑΡΤΖΑΚΗ  |b ΕΥΓΕΝΙΑ Γ.  |y ΛΕΣΒΟΣ  |z 1998 
924 |a ΒΑΓΙΑΝΝΗ  |b ΕΛΕΝΗ Σ.  |y ΛΕΣΒΟΣ  |z 1998 
970 |a ΑΙΒΑΤΖΙΔΟΥ  |b ΕΛΕΝΗ  |z 2000/06/21